Movies Quiz

Random Movies or Clickable Quiz

Three Movies: 'R' Actors Quiz Stats

 Plays Quiz Updated Mar 23, 2018

Challenge
Share
Tweet
Embed
Score 0/30 Timer 07:00
4 Plays Today
% Correct
Keanu Reeves
94%
Meg Ryan
92.6%
Julia Roberts
92%
Daniel Radcliffe
88.1%
Christopher Reeve
86%
Seth Rogen
85%
Tim Robbins
84.9%
Mickey Rourke
84.9%
Burt Reynolds
84%
Christina Ricci
83.5%
Ryan Reynolds
82.6%
Winona Ryder
81.6%
Geoffrey Rush
80.5%
Robert Redford
80.4%
Alan Rickman
79%
% Correct
Paul Rudd
79%
Kurt Russell
77.4%
John C. Reilly
76.8%
Jeremy Renner
75.6%
Chris Rock
72.6%
Mark Ruffalo
70.1%
Rene Russo
68.9%
Tim Roth
63.9%
Jean Reno
59.4%
Ginger Rogers
58.5%
Saoirse Ronan
55%
Sam Rockwell
55%
Edward G. Robinson
49.9%
Vanessa Redgrave
46.3%
Gena Rowlands
45.4%

You're not logged in!

Compare scores with friends on all Sporcle quizzes.
OR
Log In

You Might Also Like...

Show Comments

Extras

Top Quizzes Today


Score Distribution

Your Account Isn't Verified!

In order to create a playlist on Sporcle, you need to verify the email address you used during registration. Go to your Sporcle Settings to finish the process.

Report this User

Report this user for behavior that violates our Community Guidelines.

Details: